Biblioteca y Centro de Documentación

Selective inventory of social science information and documentation services (Registro nro. 8302)

Detalles MARC
000 -CABECERA
Longitud fija campo de control 02005nam a2200385 c 4500
001 - NÚMERO DE CONTROL
Número de control 8302
003 - IDENTIFICADOR DE NÚMERO DE CONTROL
Identificador del número de control ES-MaCES
005 - FECHA Y HORA DE LA ÚLTIMA TRANSACCIÓN
Fecha y hora de la última transacción 20190511040037.0
008 - CAMPO FIJO DE DESCRIPCIÓN FIJA--INFORMACIÓN GENERAL
Códigos de información de longitud fija   990215s1998 fr i000 | eng d
020 ## - ISBN (INTERNATIONAL STANDARD BOOK NUMBER)
Número Internacional Normalizado para Libros (ISBN) 9230035009
035 ## - NÚMERO DE CONTROL DEL SISTEMA
Número de control del sistema CES19990001438m
040 ## - FUENTE DE CATALOGACIÓN
Centro catalogador de origen ES-MaCES
Lengua de catalogación spa
Centro transcriptor ES-MaCES
245 00 - MENCIÓN DE TÍTULO
Título Selective inventory of social science information and documentation services
Mención de responsabilidad, etc. prepared by the UNESCO Social and Human Sciences Documentation Centre = Inventaire sélectif des services d'information et de documentation en sciences sociales / préparé par le Centre de Documentation en sciences sociales et humaines de l'UNESCO = Inventario selectivo de servicios de información y documentación en cienciassociales / preparado por el Centro de Documentación de Ciencias Sociales y Humanas de la UNESCO
250 ## - MENCIÓN DE EDICIÓN
Mención de edición 5th ed. = 5e éd. = 5ª ed
260 ## - PUBLICACIÓN, DISTRIBUCIÓN, ETC (PIE DE IMPRENTA)
Lugar de publicación, distribución, etc. Paris
Nombre del editor, distribuidor, etc. UNESCO
Fecha de publicación, distribución, etc. 1998
300 ## - DESCRIPCIÓN FÍSICA
Extensión XIII, 453 p.
Dimensiones 27 cm
490 1# - MENCIÓN DE SERIE
Mención de serie World social science information directories = Répertoires mondiaux d'information en sciences sociales = Repertorios mundiales de información sobre ciencias sociales
500 ## - NOTA GENERAL
Nota general Texto en inglés, francés y español
500 ## - NOTA GENERAL
Nota general Índices
541 ## - NOTA DE LA FUENTE INMEDIANTE DE ADQUISICIÓN
Forma de adquisición Compra
650 #4 - ASIENTO SECUNDARIO DE MATERIA--TÉRMINO DE MATERIA
Término de materia o nombre geográfico como elemento inicial servicio de información
9 (RLIN) 28925
650 #4 - ASIENTO SECUNDARIO DE MATERIA--TÉRMINO DE MATERIA
Término de materia o nombre geográfico como elemento inicial centro de información
9 (RLIN) 28923
650 #4 - ASIENTO SECUNDARIO DE MATERIA--TÉRMINO DE MATERIA
Término de materia o nombre geográfico como elemento inicial ciencias sociales
9 (RLIN) 27256
650 #4 - ASIENTO SECUNDARIO DE MATERIA--TÉRMINO DE MATERIA
Término de materia o nombre geográfico como elemento inicial internacional
9 (RLIN) 26674
650 #4 - ASIENTO SECUNDARIO DE MATERIA--TÉRMINO DE MATERIA
Término de materia o nombre geográfico como elemento inicial directorio
9 (RLIN) 28972
650 #4 - ASIENTO SECUNDARIO DE MATERIA--TÉRMINO DE MATERIA
Término de materia o nombre geográfico como elemento inicial 1998
9 (RLIN) 31169
653 10 - TÉRMINO DE INDEXACIÓN--NO CONTROLADO
Término no controlado Obras de referencia
710 2# - ENCABEZAMIENTO SECUNDARIO--NOMBRE CORPORATIVO
Nombre de entidad o nombre de jurisdicción como elemento inicial UNESCO
9 (RLIN) 5066
740 02 - ENCABEZAMIENTO SECUNDARIO--TÍTULO ANALÍTICO/RELACIONADO NO CONTROLADO
Título relacionado o analítico no controlado Inventaire sélectif des services d'information et de documentation en sciences sociales
740 02 - ENCABEZAMIENTO SECUNDARIO--TÍTULO ANALÍTICO/RELACIONADO NO CONTROLADO
Título relacionado o analítico no controlado Inventario selectivo de servicios de información y documentación en ciencias sociales
830 #0 - ENCABEZAMIENTO SECUNDARIO DE COLECCIÓN--TÍTULO UNIFORME
Título uniforme World social science information directories = Répertoires mondiaux d'information en sciences sociales = Repertorios mundiales de información sobre ciencias sociales
9 (RLIN) 33119
902 ## - CES. TIPO DE DOCUMENTO
Tipodoc (006$c Sirtex) LIB Libro
942 ## - ELEMENTOS KOHA
Fuente de clasificaión o esquema Clasificación propia del CES
Koha [por defecto] tipo de item Monografías
Parte de clasificación 9.2.
Existencias
Número de registro Signatura completa Tipo de item de Koha
028486 DPT-10467 Monografías
© CES, Consejo Económico y Social de España 2021